Detalles MARC
| 000 -CABECERA |
| campo de control de longitud fija |
01562nam a2200277ua 4500 |
| 001 - NUMERO DE CONTROL |
| campo de control |
000294 |
| 003 - IDENTIFICADOR DE NUMERO DE CONTROL |
| campo de control |
armpcda |
| 008 - ELEMENTOS DE LONGITUD FIJA -- INFORMACION GENERAL |
| campo de control de longitud fija |
265120s1998 ||||||||||||||000 | spa|| |
| 040 ## - FUENTE DE CATALOGACION |
| Agencia de catalogación original |
armpcda |
| Agencia que realiza la transcripción |
armpcda |
| 080 ## - NUMERO DE CLASIFICACION DECIMAL UNIVERSAL (CDU) |
| Número de la Clasificación Decimal Universal |
72 : 904 |
| 245 10 - MENCION DE TITULO |
| Título propiamente dicho |
MAESTRÍA en Gestión e Intervención en el Patrimonio Arquitectónico: |
| Parte restante del título |
textos de cátedra. Volumen I / |
| Mención de responsabilidad, etc. |
editado por Alejandro Novacovsky y Graciela Viñuales. |
| 260 ## - PUBLICACION, DISTRIBUCION, ETC. (PIE DE IMPRENTA) |
| Lugar de publicación, distribución, etc. |
Mar del Plata: |
| Nombre del editor, distribuidor, etc. |
Area editorial FAUD, |
| Fecha de publicación, distribución, etc. |
1998. |
| 300 0# - DESCRIPCION FISICA |
| Extensión |
vol. 1 (167 p.) |
| Otros detalles físicos |
il., Fot. |
| Dimensiones |
21 x 15 cm. |
| 505 ## - NOTA DE CONTENIDO CON FORMATO PREESTABLECIDO |
| Nota de contenido con formato preestablecido |
Presentación. Manuel Torres Cano.<br/><br/>Introducción a la Maestría. A lejandro Navacovsky.<br/><br/>Recursos humanos para la conservación del patrimonio. Gracíela María Viñua!es.<br/><br/>Glosario de términos. Jorge D.Tartarini.<br/><br/>Sobre la utilidad de la epistemología. Manuel Comesaña.<br/><br/>La cuestión del patrimonio o la historia material. Roberto Fernández.<br/><br/>El uso de la documentación en la intervención del patrimonio. Graciela Maria Viñuales.<br/><br/>Herencia e identidad en la ciudad Hispanoamericana. Ramón Gutiérrez.<br/><br/>Teoría histórica de la ciudad Argentina. Alberto Nicolini.<br/><br/>Patrimonio y Gestión proyectual en la arquitectura. César A. Nasellí.<br/><br/> |
| 650 #4 - ASIENTO SECUNDARIO DE MATERIA - TERMINO TEMATICO |
| Término temático o nombre geográfico como elemento de entrada |
CONSERVACION |
| 650 #4 - ASIENTO SECUNDARIO DE MATERIA - TERMINO TEMATICO |
| Término temático o nombre geográfico como elemento de entrada |
CIUDADES HISPANOAMERICANAS |
| 650 #4 - ASIENTO SECUNDARIO DE MATERIA - TERMINO TEMATICO |
| Término temático o nombre geográfico como elemento de entrada |
INTERVENCION DEL PATRIMONIO |
| 650 #4 - ASIENTO SECUNDARIO DE MATERIA - TERMINO TEMATICO |
| Término temático o nombre geográfico como elemento de entrada |
DOCUMENTACION |
| 650 #4 - ASIENTO SECUNDARIO DE MATERIA - TERMINO TEMATICO |
| Término temático o nombre geográfico como elemento de entrada |
PATRIMONIO ARQUITECTONICO |
| 650 #4 - ASIENTO SECUNDARIO DE MATERIA - TERMINO TEMATICO |
| Término temático o nombre geográfico como elemento de entrada |
CIUDADES ARGENTINAS |
| 650 #4 - ASIENTO SECUNDARIO DE MATERIA - TERMINO TEMATICO |
| Término temático o nombre geográfico como elemento de entrada |
GESTION PROYECTUAL |
| 650 ## - ASIENTO SECUNDARIO DE MATERIA - TERMINO TEMATICO |
| Término temático o nombre geográfico como elemento de entrada |
PATRIMONIO ARQUITECTONICO Y URBANO |
| 901 ## - LOCAL DATA ELEMENT A, LDA (RLIN) |
| a |
n |
| b |
m |
| 942 ## - ELEMENTOS AGREGADOS (KOHA) |
| Koha [default] item type |
LIBRO |
| Clasificación normalizada de Koha para alfabetizar |
_ |